[Event "British Chess Championships 2023: Weekend Tournament Atkins"]
[Site "The Venue, De Montfort University, 20 Western Boulevard, Leicester, LE2 7BU"]
[Date "2023.07.22"]
[Round "3"]
[Board "11"]
[White "Gerlagh, Joris"]
[Black "Goss, Alex"]
[Result "1-0"]
[WhiteElo "2437"]
[BlackElo "1848"]
[PlyCount "0"]
[EventDate "2023.07.21"]
[EventRounds "5"]
[EventCountry "ENG"]

1. e4 e6 2. d4 d5 3. Bd3 dxe4 4. Bxe4 Nf6 5. Bf3 c5 6. Ne2 Nc6 7. c3 e5 8. Bxc6+
bxc6 9. O-O Bd6 10. dxe5 Bxe5 11. Qxd8+ Kxd8 12. Bf4 Bxf4 13. Nxf4 Ba6 14. Rd1+ Kc7
15. Nd2 Nd5 16. Nh3 Rae8 17. Re1 Bd3 18. Ng5 Bg6 19. Nge4 Bxe4 20. Nxe4 c4 21. Nd2
Nb6 22. Kf1 Rxe1+ 23. Rxe1 Rd8 24. Re2 Rd6 25. Ke1 Re6 26. Rxe6 fxe6 27. Ne4 Kd7
28. Kd2 Nd5 29. g3 h6 30. Nc5+ Kd6 31. Nb7+ Kc7 32. Nc5 Kd6 33. Nb7+ Kc7 34. Na5
Nb6 35. Ke3 c5 36. Ke4 Kd6 37. f4 a6 38. g4 Ke7 39. Nc6+ Kd6 40. Ne5 g5 41. fxg5
hxg5 42. Nf7+ Ke7 43. Nxg5 Na4 44. Ke3 Nxb2 45. Ne4 Na4 46. h4 Kf7 47. Kf4 Nb2 48.
Nxc5 Kf6 49. Ne4+ Kg6 50. Ke5 Nd3+ 51. Kxe6  1-0

[Event "British Chess Championships 2023: Weekend Tournament Atkins"]
[Site "The Venue, De Montfort University, 20 Western Boulevard, Leicester, LE2 7BU"]
[Date "2023.07.22"]
[Round "3"]
[Board "12"]
[White "Nawalaniec, Adam"]
[Black "Gay, Conor DI"]
[Result "1-0"]
[WhiteElo "2148"]
[BlackElo "2021"]
[PlyCount "0"]
[EventDate "2023.07.21"]
[EventRounds "5"]
[EventCountry "ENG"]

1. e4 c5 2. Nf3 d6 3. d4 cxd4 4. Nxd4 Nf6 5. Nc3 a6 6. Be3 e5 7. Nb3 Be6 8. f3 Nbd7
9. Qd2 b5 10. O-O-O Nb6 11. Na5 b4 12. Ne2 d5 13. Nc6 Qc7 14. Nxe5 Qxe5 15. Bxb6
dxe4 16. Nd4 Nd5 17. Nc6 e3 18. Qd4 Qd6 19. Bc4 e2 20. Rd2 Qxh2 21. Re1 Be7 22. Nxe7
Kxe7 23. Bxd5  1-0

[Event "British Chess Championships 2023: Weekend Tournament Atkins"]
[Site "The Venue, De Montfort University, 20 Western Boulevard, Leicester, LE2 7BU"]
[Date "2023.07.22"]
[Round "3"]
[Board "13"]
[White "Samarasinghe, Jude Ranga"]
[Black "Csom, Etelka"]
[Result "1/2-1/2"]
[WhiteElo "2148"]
[BlackElo "2013"]
[PlyCount "0"]
[EventDate "2023.07.21"]
[EventRounds "5"]
[EventCountry "ENG"]

1. e4 e5 2. Nf3 Nc6 3. Bc4 Bc5 4. Qe2 d6 5. c3 Nf6 6. d3 O-O 7. Bg5 Be6 8. Nbd2 Qe7
9. Nf1 Bb6 10. Ng3 Bxc4 11. dxc4 Qe6 12. Nf5 Ne7 13. N3h4 c6 14. O-O-O Rad8 15. Rhe1
Nxf5 16. exf5 Qe7 17. g4 Rfe8 18. f4 e4 19. Bxf6 gxf6 20. Ng2 d5 21. Rd3 exd3 22.
Qxe7 Rxe7 23. Rxe7 dxc4 24. Re4 Bg1 25. Rxc4 Re8 26. Kd1 Re2 27. Ne1 Rxb2 28. Nxd3
Rxa2 29. g5 Ra5 30. h4 Rxf5 31. Ke2 fxg5 32. hxg5 Rd5 33. Ne5 Kg7 34. Ng4 a5 35.
Re4 Bc5 36. Nf6 Rd8 37. f5 h6 38. Ne8+ Kh7 39. Nf6+ Kg7 40. Nh5+ Kh7 41. Nf6+ Kg7
42. Nh5+ Kh7  1/2-1/2

[Event "British Chess Championships 2023: Weekend Tournament Atkins"]
[Site "The Venue, De Montfort University, 20 Western Boulevard, Leicester, LE2 7BU"]
[Date "2023.07.22"]
[Round "3"]
[Board "14"]
[White "Walker, David N"]
[Black "Ashworth, Michael J"]
[Result "0-1"]
[WhiteElo "1871"]
[BlackElo "2131"]
[PlyCount "0"]
[EventDate "2023.07.21"]
[EventRounds "5"]
[EventCountry "ENG"]

1. d4 Nf6 2. c4 e6 3. Nc3 Bb4 4. e3 O-O 5. Bd3 d5 6. cxd5 exd5 7. Nge2 Re8 8. Qc2
Nbd7 9. a3 Bf8 10. b3 c6 11. Bd2 Qe7 12. f3 g6 13. O-O Nb6 14. a4 a5 15. Rae1 Bh6
16. Ng3 Be6 17. e4 Bxd2 18. Qxd2 c5 19. exd5 Nfxd5 20. Nxd5 Nxd5 21. f4 Qf6 22. Bb5
Red8 23. dxc5 Nb4 24. Qf2 Bxb3 25. Ne4 Qd4 26. f5 gxf5 27. Qxd4 Rxd4 28. Rxf5 Bc2
29. Rg5+ Kf8 30. Nf6 Bg6 31. Nd7+ Kg7 32. Ne5 Rd5 33. Nf3 Rxg5 34. Nxg5 Rc8 35. Re7
Kf6 36. Rxb7 Kxg5 37. Ra7 Rxc5 38. Rxa5 Nd3 39. Kf1 Rc1+ 40. Ke2 Rc2+ 41. Ke3 Ne5
42. Bd3 Rxg2 43. Rxe5+ Kf6 44. Rd5 Bxd3 45. Rxd3 Rxh2 46. Rd4 Rh3+ 47. Kf2 Ra3 48.
Rh4 Kg6 49. Kg2 h5 50. Rb4 f5 51. Rc4 Kg5 52. Rb4 f4 53. Rc4 Kg4 54. Rb4 Ra2+ 55.
Kf1 Kg3  0-1

[Event "British Chess Championships 2023: Weekend Tournament Atkins"]
[Site "The Venue, De Montfort University, 20 Western Boulevard, Leicester, LE2 7BU"]
[Date "2023.07.22"]
[Round "3"]
[Board "15"]
[White "Bridgeman, Niamh"]
[Black "Madhavan, Sanjith"]
[Result "0-1"]
[WhiteElo "1940"]
[BlackElo "1987"]
[PlyCount "0"]
[EventDate "2023.07.21"]
[EventRounds "5"]
[EventCountry "ENG"]

1. d4 Nf6 2. Nf3 g6 3. e3 Bg7 4. Be2 O-O 5. O-O d6 6. b3 c5 7. Bb2 cxd4 8. Nxd4 d5
9. c4 dxc4 10. Bxc4 a6 11. a4 Qc7 12. Nc3 Rd8 13. Qc2 Nc6 14. Nce2 e6 15. Nxc6 Qxc6
16. Nd4 Qe8 17. b4 Bd7 18. b5 axb5 19. Nxb5 Bxb5 20. Bxb5 Rdc8 21. Qb3 Qe7 22. Rfd1
Nd5 23. Rac1 Bxb2 24. Qxb2 Rd8 25. h3 Rac8 26. Rxc8 Rxc8 27. Rc1 Rxc1+ 28. Qxc1 Qc7
29. Qxc7 Nxc7 30. Kf1 Kf8 31. Ke2 Ke7 32. Kd3 Kd6 33. Kc4 b6 34. Kd4 e5+ 35. Kc4
f5 36. g3 g5 37. f3 h5 38. e4 fxe4 39. fxe4 h4 40. gxh4 gxh4 41. Kb4 Ne6 42. Bf1
Nd4 43. Bg2 Ke6 44. Kc4 Kd6 45. Kb4 Kc6 46. Bf1 Nc2+ 47. Kc3 Ne3 48. Bb5+ Kc5 49.
Be2 Ng2 50. Bg4 Nf4 51. Bd7 Ne2+ 52. Kd2 Nd4 53. Kc3 Kd6 54. Bg4 b5 55. axb5 Nxb5+
56. Kd3 Kc5 57. Bh5 Nd4 58. Bg4 Kd6 59. Kc4 Ke7 60. Kd5 Kf6 61. Bd1 Ne6 62. Bg4 Ng5
63. Bf5 Nf3 64. Bg4 Ne1 65. Kd6 Nd3 66. Kd5 Kg5 67. Bf3 Kf4 68. Bh1 Kg3 69. Ke6 Kxh3
70. Kf5 Kg3 71. Kf6 h3 72. Kf5 h2 73. Kf6 Nf2 74. Kxe5 Nxh1 75. Kf6 Nf2 76. e5 h1=Q
77. e6 Ne4+ 78. Kg7 Qa1+ 79. Kg8 Qf6  0-1

[Event "British Chess Championships 2023: Weekend Tournament Atkins"]
[Site "The Venue, De Montfort University, 20 Western Boulevard, Leicester, LE2 7BU"]
[Date "2023.07.22"]
[Round "3"]
[Board "16"]
[White "Mitchell, R"]
[Black "Dhemrait, Jagdeep"]
[Result "1/2-1/2"]
[WhiteElo "2050"]
[BlackElo "2013"]
[PlyCount "0"]
[EventDate "2023.07.21"]
[EventRounds "5"]
[EventCountry "ENG"]

1. e4 c5 2. Be2 Nc6 3. d3 g6 4. f4 Bg7 5. c3 e6 6. Nf3 Nge7 7. O-O d5 8. Nbd2 d4
9. c4 a6 10. g4 f5 11. gxf5 Nb8  1/2-1/2

[Event "British Chess Championships 2023: Weekend Tournament Atkins"]
[Site "The Venue, De Montfort University, 20 Western Boulevard, Leicester, LE2 7BU"]
[Date "2023.07.22"]
[Round "3"]
[Board "17"]
[White "Phillips, David"]
[Black "Agrawal, Shivam"]
[Result "1-0"]
[WhiteElo "1825"]
[BlackElo "2048"]
[PlyCount "0"]
[EventDate "2023.07.21"]
[EventRounds "5"]
[EventCountry "ENG"]

1. d4 d5 2. c4 c6 3. Nf3 Nf6 4. Nc3 e6 5. Bg5 Nbd7 6. e3 Qa5 7. Nd2 dxc4 8. Bxf6
Nxf6 9. Nxc4 Qc7 10. g3 b5 11. Ne5 Bb7 12. Bg2 Bd6 13. Nd3 c5 14. O-O Bxg2 15. Nxb5
Qc6 16. Nxd6+ Qxd6 17. Kxg2 cxd4 18. Qa4+ Nd7 19. Qxd4 Qxd4 20. exd4 O-O 21. Ne5
Nb6 22. Nc6 f6 23. a4 Kf7 24. a5 Nc4 25. Rfc1 Nd6 26. a6 Ke8 27. Ra5 Kd7 28. Rac5
Rfc8 29. b4 g5 30. f3 h5 31. Kf2 Nf5 32. d5 e5 33. Ke2 Kd6 34. Kd3 g4 35. fxg4 hxg4
36. Rf1 Ne7 37. Rxf6+ Kd7 38. Nxe5+ Ke8 39. d6 Rxc5 40. bxc5 Nd5 41. Rh6 Nb4+ 42.
Kc4 Kf8 43. Rh8+ Kg7 44. Rxa8 Nxa6 45. Rxa7+ Kf6 46. Rxa6 Kxe5 47. d7 Ke4 48. d8=Q
Kf3 49. Ra3+ Kf2 50. Qh4  1-0

[Event "British Chess Championships 2023: Weekend Tournament Atkins"]
[Site "The Venue, De Montfort University, 20 Western Boulevard, Leicester, LE2 7BU"]
[Date "2023.07.22"]
[Round "3"]
[Board "18"]
[White "Patel, Hardikkumar"]
[Black "Subramanian, Anusha"]
[Result "0-1"]
[WhiteElo "739"]
[BlackElo "2029"]
[PlyCount "0"]
[EventDate "2023.07.21"]
[EventRounds "5"]
[EventCountry "ENG"]

1. Nf3 d5 2. g3 c5 3. Bg2 Nc6 4. O-O Nf6 5. d3 Bf5 6. Nbd2 a5 7. a4 e5 8. Re1 Bd6
9. e4 Be6 10. b3 O-O 11. Bb2 Qc7 12. Ng5 Bg4 13. f3 Bh5 14. g4 h6 15. exd5 Nxd5 16.
Nge4 Bg6 17. Nc4 Be7 18. Ng3 f6 19. h4 Nf4 20. h5 Bh7 21. Qd2 Rad8 22. Kh2 b6 23.
Ne3 Kh8 24. Kh1 Nd4 25. Bxd4 cxd4 26. Nef5 Bb4 27. Qf2 Bxe1 28. Rxe1 Rc8  0-1

[Event "British Chess Championships 2023: Weekend Tournament Atkins"]
[Site "The Venue, De Montfort University, 20 Western Boulevard, Leicester, LE2 7BU"]
[Date "2023.07.22"]
[Round "3"]
[Board "19"]
[White "Ravikumar, Pranava"]
[Black "Gay, Simon P"]
[Result "1-0"]
[WhiteElo "2022"]
[BlackElo "2002"]
[PlyCount "0"]
[EventDate "2023.07.21"]
[EventRounds "5"]
[EventCountry "ENG"]

1. d4 Nf6 2. Bg5 Ne4 3. Bf4 d6 4. Nd2 Nxd2 5. Qxd2 Nd7 6. e4 e6 7. c4 Be7 8. Nf3
O-O 9. Bd3 c5 10. d5 e5 11. Be3 b5 12. cxb5 a6 13. b4 cxb4 14. Qxb4 axb5 15. O-O
f5 16. exf5 h6 17. Bxb5 Nf6 18. Bc6 Qa5 19. Qb3 Ra6 20. a4 Bxf5 21. Nd2 Qc7 22. Qc4
Qc8 23. a5 Bd7 24. Bb6 Bxc6 25. dxc6+ d5 26. Qb5 Bd8 27. Nb3 Ra8 28. Nc5 Rf7 29.
a6 Bxb6 30. Qxb6 Rc7 31. Rfc1 Rxc6 32. Qb5 Ne4 33. Nb3 Nc3 34. Qd3 d4 35. a7 Qc7
36. f4 e4 37. Qd2 e3 38. Qd3 Qxf4 39. Rf1 Qd6 40. Kh1 e2 41. Rfe1 Rc7 42. Nxd4 Qe5
43. Nxe2 Nxe2 44. Qb3+ Kh7 45. Qb8  1-0

[Event "British Chess Championships 2023: Weekend Tournament Atkins"]
[Site "The Venue, De Montfort University, 20 Western Boulevard, Leicester, LE2 7BU"]
[Date "2023.07.22"]
[Round "3"]
[Board "20"]
[White "Regan, Natasha K"]
[Black "Moss, Thomas D"]
[Result "1-0"]
[WhiteElo "2021"]
[BlackElo "1755"]
[PlyCount "0"]
[EventDate "2023.07.21"]
[EventRounds "5"]
[EventCountry "ENG"]

1. Nf3 e6 2. g3 d5 3. c4 dxc4 4. Na3 c5 5. Bg2 Nd7 6. Nxc4 Rb8 7. d3 f6 8. a4 b6
9. O-O Bb7 10. d4 cxd4 11. Nxd4 Kf7 12. Bxb7 Rxb7 13. Nb5 Qb8 14. Ncd6+ Bxd6 15.
Nxd6+ Ke7 16. Nxb7 Qxb7 17. b3 f5 18. Ba3+ Kf7 19. Qd6 Ngf6 20. Rac1 Qd5 21. Rc7
Qxd6 22. Bxd6 a5 23. Rfc1 Rd8 24. Rb7 Nd5 25. f3 Kg6 26. e4 N7f6 27. exd5 Rxd6 28.
dxe6 Rxe6 29. Rcc7 Re1+ 30. Kf2 Rb1 31. Rxb6 Rb2+ 32. Ke3 Rxh2 33. Rc5 Rh3 34. Kf4
Rh5 35. Rxa5 Rg5 36. Rab5 h6 37. a5 Kh7 38. Rxf6  1-0

[Event "British Chess Championships 2023: Weekend Tournament Atkins"]
[Site "The Venue, De Montfort University, 20 Western Boulevard, Leicester, LE2 7BU"]
[Date "2023.07.22"]
[Round "3"]
[Board "21"]
[White "Buanne, Luca"]
[Black "Rich, Ben S"]
[Result "1/2-1/2"]
[WhiteElo "2224"]
[BlackElo "1951"]
[PlyCount "0"]
[EventDate "2023.07.21"]
[EventRounds "5"]
[EventCountry "ENG"]

1. e4 c5 2. Nf3 d6 3. d4 cxd4 4. Nxd4 Nf6 5. Nc3 e6 6. g4 a6 7. g5 Nfd7 8. Be3 Nc6
9. Be2 Qc7 10. Qd2 b5 11. a3 Bb7 12. f4 Nxd4 13. Qxd4 Rc8 14. O-O-O d5 15. exd5 Bxd5
16. Rhe1 Bxa3 17. bxa3 Qxc3 18. Qxc3 Rxc3 19. Rd3 Rc6 20. Bg4 Bc4 21. Rd2 Nc5 22.
Red1 O-O 23. Rd8 Bd5 24. Rxf8+ Kxf8 25. f5 Nb3+ 26. Kb2 Na5 27. Bd2 Nc4+ 28. Ka1
Nxd2 29. Rxd2 Ke7 30. Kb2 Rc4 31. Bd1 Rf4 32. fxe6 fxe6 33. Kc3 Bf3 34. Bxf3 Rxf3+
35. Kb4 Rf4+ 36. Kc5 Ra4 37. Rd3  1/2-1/2

[Event "British Chess Championships 2023: Weekend Tournament Atkins"]
[Site "The Venue, De Montfort University, 20 Western Boulevard, Leicester, LE2 7BU"]
[Date "2023.07.22"]
[Round "3"]
[Board "22"]
[White "Dargan, Paul A G"]
[Black "Cockell, Tom"]
[Result "1-0"]
[WhiteElo "2091"]
[BlackElo "1557"]
[PlyCount "0"]
[EventDate "2023.07.21"]
[EventRounds "5"]
[EventCountry "ENG"]

1. e4 c6 2. d4 d5 3. exd5 cxd5 4. Nf3 Nf6 5. Ne5 Nc6 6. Bb5 Bd7 7. Nxd7 Qxd7 8. c3
e6 9. Bf4 Be7 10. Nd2 O-O 11. O-O Rac8 12. Nf3 Bd6 13. Ne5 Qc7 14. Re1 Ne7 15. Bd3
Ng6 16. Bg3 Rfe8 17. Qf3 a6 18. h4 Nf8 19. h5 h6 20. Re3 Rcd8 21. Bh4 Be7 22. Rae1
N8d7 23. Nxf7 Kxf7 24. Bg6+ Kg8 25. Bxe8 Rxe8 26. Rxe6 Kf7 27. Bg3 Qd8 28. Bd6 Bxd6
29. Rxe8 Qxe8 30. Rxe8 Kxe8 31. Qf5 Kf7 32. g4 Nb6 33. f4 Ke7 34. g5  1-0

[Event "British Chess Championships 2023: Weekend Tournament Atkins"]
[Site "The Venue, De Montfort University, 20 Western Boulevard, Leicester, LE2 7BU"]
[Date "2023.07.22"]
[Round "3"]
[Board "23"]
[White "Sommerbauer-Cornell, Ben"]
[Black "Patel, Rishi"]
[Result "1-0"]
[WhiteElo "1956"]
[BlackElo "2060"]
[PlyCount "0"]
[EventDate "2023.07.21"]
[EventRounds "5"]
[EventCountry "ENG"]

1. e4 e5 2. Nc3 Nc6 3. Bc4 Nf6 4. d3 Bc5 5. Nf3 O-O 6. O-O h6 7. a4 a6 8. Ne2 d5
9. exd5 Nxd5 10. Ng3 Re8 11. Re1 Be6 12. Qe2 Bd6 13. c3 Nf4 14. Qe4 Bxc4 15. dxc4
a5 16. Nf5 Qf6 17. Nxd6 Qxd6 18. Bxf4 exf4 19. Qd5 Red8 20. Rad1 Qf6 21. Qb5 Rxd1
22. Rxd1 Rd8 23. Re1 b6 24. h4 Qd6 25. Qf5 Ne7 26. Qe4 Ng6 27. h5 Nf8 28. Nd4 Ne6
29. Nxe6 Qxe6 30. Qxe6 fxe6 31. Rxe6 Rd1+ 32. Kh2 Rd2 33. b4 axb4 34. cxb4 Ra2 35.
Rc6 Rxa4 36. b5 Ra3 37. f3 Ra2 38. Rxc7 Rc2 39. Kh3 Kf8 40. c5 bxc5 41. b6  1-0

[Event "British Chess Championships 2023: Weekend Tournament Atkins"]
[Site "The Venue, De Montfort University, 20 Western Boulevard, Leicester, LE2 7BU"]
[Date "2023.07.22"]
[Round "3"]
[Board "24"]
[White "Dunne, Thomas Junior"]
[Black "Sachdeva, Ronit"]
[Result "1/2-1/2"]
[WhiteElo "1903"]
[BlackElo "2026"]
[PlyCount "0"]
[EventDate "2023.07.21"]
[EventRounds "5"]
[EventCountry "ENG"]

1. e4 c5 2. Nc3 Nc6 3. f4 g6 4. Nf3 Bg7 5. Bc4 e6 6. f5 Nge7 7. fxe6 dxe6 8. O-O
O-O 9. d3 h6 10. Qe1 g5 11. Ne2 Na5 12. Bb3 Nxb3 13. axb3 Ng6 14. Ng3 f5 15. Qe2
f4 16. Nh5 e5 17. Nxg7 Kxg7 18. Bd2 Bg4 19. Bc3 Bxf3 20. Qxf3 Qe7 21. Ra5 b6 22.
Ra6 Rh8 23. Qh5  1/2-1/2

[Event "British Chess Championships 2023: Weekend Tournament Atkins"]
[Site "The Venue, De Montfort University, 20 Western Boulevard, Leicester, LE2 7BU"]
[Date "2023.07.22"]
[Round "3"]
[Board "25"]
[White "Cotterill, Sam"]
[Black "De Coverly, Roger D"]
[Result "1-0"]
[WhiteElo "1895"]
[BlackElo "2016"]
[PlyCount "0"]
[EventDate "2023.07.21"]
[EventRounds "5"]
[EventCountry "ENG"]

1. d4 Nf6 2. c4 g6 3. Nc3 Bg7 4. e4 d6 5. Nf3 O-O 6. Be2 e5 7. Be3 exd4 8. Nxd4 Re8
9. f3 Nc6 10. Nc2 Be6 11. Qd2 Ne5 12. b3 a5 13. O-O Nfd7 14. f4 Ng4 15. Bxg4 Bxg4
16. h3 Bh5 17. Bd4 Nc5 18. Bxg7 Kxg7 19. Qd4+ Kg8 20. Rae1 c6 21. g4 Qh4 22. Rf3
Bxg4 23. hxg4 Qxg4+ 24. Kf2 Qh4+ 25. Ke2 f5 26. Kd2 a4 27. b4 Ne6 28. Qf2 Qf6 29.
exf5 Qxf5 30. Nd4 Nxd4 31. Rxe8+ Rxe8 32. Qxd4 Qg4 33. Re3 Qg2+ 34. Re2 Rxe2+ 35.
Nxe2 a3 36. Qxd6 Qe4 37. Qb8+ Kf7 38. Qxb7+ Kg8 39. Qa8+ Kg7 40. Qxa3 Qxc4 41. Qc3+
 1-0

[Event "British Chess Championships 2023: Weekend Tournament Atkins"]
[Site "The Venue, De Montfort University, 20 Western Boulevard, Leicester, LE2 7BU"]
[Date "2023.07.22"]
[Round "3"]
[Board "26"]
[White "Broughton, Daniel"]
[Black "Lekoudis, George"]
[Result "1-0"]
[WhiteElo "2013"]
[BlackElo "1768"]
[PlyCount "0"]
[EventDate "2023.07.21"]
[EventRounds "5"]
[EventCountry "ENG"]

1. d4 Nf6 2. c4 e5 3. dxe5 Ng4 4. Bf4 Nc6 5. Nf3 Bb4+ 6. Nbd2 Qe7 7. a3 Ncxe5 8.
Nxe5 Nxe5 9. e3 Ng6 10. Bxc7 Bc5 11. Bg3 a6 12. Be2 O-O 13. b4 Ba7 14. c5 Bb8 15.
Bxb8 Rxb8 16. Nc4 Ne5 17. Qd6 Qxd6 18. Nxd6 f5 19. f4 Nf7 20. Bc4  1-0

[Event "British Chess Championships 2023: Weekend Tournament Atkins"]
[Site "The Venue, De Montfort University, 20 Western Boulevard, Leicester, LE2 7BU"]
[Date "2023.07.22"]
[Round "3"]
[Board "27"]
[White "Mandnikar, Atreya"]
[Black "Ortiz Sanchez, Luis"]
[Result "0-1"]
[WhiteElo "1702"]
[BlackElo "2007"]
[PlyCount "0"]
[EventDate "2023.07.21"]
[EventRounds "5"]
[EventCountry "ENG"]

1. e4 c5 2. c3 Nf6 3. e5 Nd5 4. d4 cxd4 5. Nf3 d6 6. cxd4 dxe5 7. Nxe5 e6 8. Bc4
Be7 9. O-O Nc6 10. Nxc6 bxc6 11. Nc3 O-O 12. Re1 a5 13. Be3 Rb8 14. Bb3 Ba6 15. Qd2
Bb4 16. Bxd5 cxd5 17. a3 Bd6 18. Rec1 Bc4 19. Na4 e5 20. Nc5 Qe7 21. b4 axb4 22.
axb4 Rb5 23. dxe5 Bxe5 24. Rab1 Rd8 25. Bd4 Bxd4 26. Qxd4 h6 27. Re1 Rxb4 28. h3
Rxb1 29. Rxb1 Rc8 30. Nd3 Bxd3 31. Qxd3 Qe4 32. Qxe4 dxe4 33. Kf1 f5 34. Ke2 Rc6
35. Rb5 g6 36. Re5 Kf7 37. g4 Kf6 38. Re8 Kg5 39. gxf5 gxf5 40. Rg8+ Kf4 41. Rg3
Rd6 42. h4 Ra6 43. Kf1 Ke5 44. h5 f4 45. Rb3 Kf5 46. Rb4 Re6 47. Kg2 Re5 48. Rb8
Kg4 49. Rf8 Rxh5 50. Re8 f3+ 51. Kg1 Rg5 52. Kh2 Kf4 53. Rf8+ Ke5 54. Re8+ Kd4 55.
Rh8 Rg2+ 56. Kh1 Rxf2 57. Rxh6 Ke3 58. Re6 Rd2 59. Kg1 Rd1+ 60. Kh2 f2 61. Rf6  0-1

[Event "British Chess Championships 2023: Weekend Tournament Atkins"]
[Site "The Venue, De Montfort University, 20 Western Boulevard, Leicester, LE2 7BU"]
[Date "2023.07.22"]
[Round "3"]
[Board "28"]
[White "Cockell, Owen"]
[Black "Pert, Max P"]
[Result "0-1"]
[WhiteElo "1577"]
[BlackElo "2140"]
[PlyCount "0"]
[EventDate "2023.07.21"]
[EventRounds "5"]
[EventCountry "ENG"]

1. e4 c6 2. d4 d5 3. f3 g6 4. Nc3 Bg7 5. e5 a6 6. f4 h5 7. Bd3 Nh6 8. Nf3 O-O 9.
O-O b6 10. Ne2 c5 11. c3 Nc6 12. Ng3 Bg4 13. Be3 c4 14. Bc2 h4 15. Ne2 h3 16. g3
b5 17. Ng5 e6 18. Kh1 a5 19. Qe1 Bf5 20. Bxf5 Nxf5 21. Ng1 b4 22. g4 Nxe3 23. Qh4
Re8 24. Qh7+ Kf8 25. Qxh3 Nxf1 26. Nh7+ Ke7 27. Qh4+ Kd7  0-1

[Event "British Chess Championships 2023: Weekend Tournament Atkins"]
[Site "The Venue, De Montfort University, 20 Western Boulevard, Leicester, LE2 7BU"]
[Date "2023.07.22"]
[Round "3"]
[Board "29"]
[White "Rich, Aaron"]
[Black "Kairat, Alexander"]
[Result "1-0"]
[WhiteElo "1965"]
[BlackElo "1619"]
[PlyCount "0"]
[EventDate "2023.07.21"]
[EventRounds "5"]
[EventCountry "ENG"]

1. b3 d6 2. Bb2 e5 3. e3 Be6 4. f4 Nd7 5. Nf3 Bg4 6. Be2 Bxf3 7. Bxf3 c6 8. O-O Ngf6
9. Nc3 d5 10. fxe5 Nxe5 11. Ne2 Bd6 12. Nf4 O-O 13. Qe1 Qb6 14. Be2 Ne4 15. Bd3 Rad8
16. Nh5 f6 17. Bxe4 dxe4 18. Qh4 Bb8 19. Bc3 f5 20. Qg5 g6 21. Nf6+ Kg7 22. Nxe4
Qb5 23. Qe7+ Kg8 24. Ng5 Rd7 25. Qe6+ Rdf7 26. Nxf7 Rxf7 27. a4 Qd5 28. Qxd5 cxd5
29. Bd4 Ng4 30. h3 Nh6 31. c4 dxc4 32. bxc4 Rd7 33. Rab1 Nf7 34. c5 Ng5 35. c6 Rc7
36. Rxb7 Rc8 37. Rfb1 Bg3 38. Rc1 Ne4 39. c7 Nd6 40. Rb8 Kf7 41. Rxc8 Nxc8 42. Rb1
Ke6 43. Bc3 Bxc7 44. Rb7 Kd6 45. Be5+ Kxe5 46. Rxc7 Nd6 47. Rxa7 Nc4 48. d3 Nb2 49.
a5 Nxd3 50. a6 Nb4 51. Re7+ Kf6 52. a7 Kxe7 53. a8=Q Kd6 54. Qf8+  1-0

[Event "British Chess Championships 2023: Weekend Tournament Atkins"]
[Site "The Venue, De Montfort University, 20 Western Boulevard, Leicester, LE2 7BU"]
[Date "2023.07.22"]
[Round "3"]
[Board "31"]
[White "Simms, Jake"]
[Black "Mcgrath Williams, Joseph"]
[Result "0-1"]
[WhiteElo "1810"]
[BlackElo "1615"]
[PlyCount "0"]
[EventDate "2023.07.21"]
[EventRounds "5"]
[EventCountry "ENG"]

1. e4 Nf6 2. e5 Nd5 3. d4 d6 4. c4 Nb6 5. f4 g6 6. Nc3 Bg7 7. Be3 Be6 8. d5 Bc8 9.
Nf3 O-O 10. Qc2 Bf5 11. Qd2 c6 12. O-O-O dxe5 13. fxe5 cxd5 14. cxd5 N8d7 15. Bh6
Qc7 16. Bxg7 Kxg7 17. Bd3 Nc4 18. Bxc4 Qxc4 19. Nd4 Be4 20. b3 Qc7 21. Kb2 Nc5 22.
Qe2 Nd3+ 23. Rxd3 Bxd3 24. Qxd3 Qxe5 25. h4 h5 26. Nf3 Qg3 27. Qd2 Kg8 28. Ne4 Qg4
29. Qh6 Qxe4 30. Ng5 Qd4+ 31. Ka3 Qg7 32. Qxg7+ Kxg7 33. Kb4 Rac8 34. Re1 Rc7 35.
a4 Rd8 36. Rd1 Rd6 37. Ne4 Rd8 38. a5 Rc2 39. g3 Re2 40. Nc5 b6 41. Nb7 Rb8 42. a6
Rc8 43. Rd3 Re4+ 44. Kb5 Re5 45. Kb4 Rc7 46. Nd8 Re4+ 47. Ka3 Rc5 48. b4 Rc7 49.
Nc6 f6 50. Ka4 g5 51. hxg5 fxg5 52. Kb5 Kg6 53. Nxa7 Rxa7 54. Kxb6 Rxa6+ 55. Kxa6
Rxb4 56. Ka5 Rb2 57. Re3 Rd2 58. Rxe7 Rxd5+ 59. Kb4 Rd3 60. g4 Rd4+ 61. Kc3 Rxg4
 0-1

[Event "British Chess Championships 2023: Weekend Tournament Atkins"]
[Site "The Venue, De Montfort University, 20 Western Boulevard, Leicester, LE2 7BU"]
[Date "2023.07.23"]
[Round "4"]
[Board "1"]
[White "Matlak, Oleksandr"]
[Black "Kolani, Arjun"]
[Result "0-1"]
[WhiteElo "2136"]
[BlackElo "2171"]
[PlyCount "0"]
[EventDate "2023.07.21"]
[EventRounds "5"]
[EventCountry "ENG"]

1. c4 c5 2. Nf3 Nf6 3. Nc3 d5 4. cxd5 Nxd5 5. g3 Nc6 6. Bg2 Nc7 7. O-O e5 8. a3 Rb8
9. d3 Be7 10. Nd2 Bd7 11. Nc4 f6 12. f4 b5 13. Ne3 exf4 14. Rxf4 O-O 15. Nf5 Nd4
16. Nxd4 cxd4 17. Nd5 Bd6 18. Rf1 Kh8 19. Bf4 Nxd5 20. Bxd5 Bg4 21. Be4 Bxf4 22.
Rxf4 f5 23. Bg2 Re8 24. Rf2 Qg5 25. h3 Bh5 26. Kh2 Re3 27. Bf3 Rbe8 28. Rc1 Bxf3
29. exf3 f4 30. g4 Qh4 31. Rg2 h5 32. g5 g6 33. Rcc2 a5 34. b4 Re1 35. Qd2 Rf1 36.
Rc1 Rxf3 37. Kg1 Rxh3 38. Rh2 Rxh2 39. Qxh2 Re1+ 40. Rxe1 Qxe1+ 41. Kg2 Qe2+ 42.
Kg1 Qxh2+ 43. Kxh2 axb4  0-1